Animaux par lettre - C - Statistiques

Statistiques générales
  • Ce quiz a été pris 87 fois
    28 depuis la dernière actualisation
  • Le résultat moyen est 11 sur 15
Statistiques - réponses
Questions Réponses % Correct
Quel animal coiffé de bois a pour femelle la biche ? Cerf
100%
Quel animal a perdu la Mère Michel ? Chat
100%
Quel animal est considéré comme le meilleur ami de l'homme ? Chien
100%
Quel camélidé a deux bosses ? Chameau
95%
Quel grand animal herbivore est utilisé dans les sports équestres ? Cheval
91%
Si je ne suis pas le bourreau de Jeanne d'Arc, je suis un animal apprécié pour ma charcuterie. Cochon
91%
Quel amphibien est souvent considéré, à tort, comme le mâle de la grenouille ? Crapaud
82%
Quel oiseau aquatique a pour races le carolin, le mandarin ou encore le colvert ? Canard
77%
Quel insecte nuisible sert d'expression pour signifier la peur, des idées noires ? Cafard
68%
Quel animal du Canada est appelé "renne" en Europe ? Caribou
68%
Quel animal est le plus grand cétacé à dents ? Cachalot
55%
Quel animal est appelé morue lorsqu'il est séché et salé ? Cabillaud
41%
Quel céphalopode peut atteindre 14 m pour son espèce dite "colossale" ? Calamar
41%
Quel animal de la famille des cervidés a pour petit le faon ? Chevreuil
41%
Je suis le plus gros rongeur sur Terre. Capybara
32%
Aucun quiz correspondant
Distribution des résultats
% des personnes avec chaque résultat
Percentile par nombre de réponses
Votre historique - résultats
Vous n’avez pas pris ce quiz depuis la dernière actualisation